Normal view MARC view
  • Ore-dressing

Entry Topical Term

Number of records used in: 1

001 - CONTROL NUMBER

  • control field: 81177

003 - CONTROL NUMBER IDENTIFIER

  • control field: NUST

005 - DATE AND TIME OF LATEST TRANSACTION

  • control field: 20210804103018.0

008 - FIXED-LENGTH DATA ELEMENTS

  • fixed length control field: 210804|| aca||aabn | a|a d

040 ## - CATALOGING SOURCE

  • Original cataloging agency: NUST
  • Transcribing agency: NUST

150 ## - HEADING--TOPICAL TERM

  • Topical term or geographic name entry element: Ore-dressing
  • General subdivision: Computer simulation

670 ## - SOURCE DATA FOUND

  • Source citation: Work cat.: (NUST)31715: King, R. P. (Ronald Peter), 1938- 81175, Modeling and simulation of mineral processing systems /, 2001.
© 2023 Central Library, National University of Sciences and Technology. All Rights Reserved.